MAD Magazine Around The World Quiz Stats

 Plays Quiz not verified by Sporcle

Challenge
Share
Tweet
Score 0/24 Timer 05:00
0 Plays Today
% Correct
Germany
95.5%
Australia
95.5%
France
90.9%
Italy
86.4%
Norway
86.4%
Brazil
86.4%
Spain
86.4%
Mexico
86.4%
Canada
85.7%
United States
81.8%
Finland
81.8%
Greece
81.8%
% Correct
United Kingdom
77.3%
Sweden
77.3%
Netherlands
72.7%
Taiwan
72.7%
Argentina
59.1%
South Africa
59.1%
Denmark
54.5%
Iceland
54.5%
Israel
54.5%
Turkey
54.5%
Hungary
50%
India
31.8%

You're not logged in!

Compare scores with friends on all Sporcle quizzes.
OR
Log In

You Might Also Like...

Show Comments

Extras

Created Dec 20, 2015SourceReportNominate
Tags:World Quiz, mad

Top Quizzes Today


Score Distribution

Your Account Isn't Verified!

In order to create a playlist on Sporcle, you need to verify the email address you used during registration. Go to your Sporcle Settings to finish the process.

Report this User

Report this user for behavior that violates our Community Guidelines.

Details: